000 00240nam a2200109 a 4500
005 20140414132009.0
008 110222s19uu xx 00 eng d
050 _aVCD
_bB85
245 _aA bug's life.
650 _aInsects
999 _c113232
_d113232